000 00517ntaaa2200193 4500
003 01
005 20251027202933.0
008 0714s1973 ag 01
040 _aAR-BaBN
_bspa
_cAR-BaBN
_eaacr
_dRIC
082 _a922.7000 W51
100 _aTelford, John
_930010
245 _aThe life of John Wesley (1703-1791)
250 _a1 ed.
260 _aLondon :
_bEpworth Press,
_c1947, 1960
300 _axxxviii, 406 p
500 _aBiografĂ­a de Juan Wesley
650 _aWesley, Juan (1703-1791)
_915118
942 _cBK
999 _c24657
_d24657